000 00828nam a2200205Ia 4500
003 Ost
005 20260507075440.0
008 260507s9999||||xx |||||||||||||| ||und||
040 _cfsecg
041 _aara
082 _a1.6
100 _aالقباني، ثناء علي
_eمؤلف
245 0 _aنظم المعلومات المحاسبية /
_c ثناء علي القباني
260 _aالاسكندرية:
_bالدار الجامعية,
_c2008
300 _a476 صفحة؛
_bإيضاحات ؛
_c24 سم
520 _aمدخل إلى نظم المعلومات والتشغيل الالكتروني للبيانات، التشغيل الالكتروني للتطبيقات المحاسبية
653 _aالمحاسبة
653 _aنظم المعلومات- المؤسسة الممتدة
942 _cكتاب
999 _c44559
_d44559